00965nam a2200253 i 4500001000300000245014800003250001500151260007000166300003300236500005700269504002500326650001400351650001800365655003000383700003000413700003700443700003000480020002300510040000800533041000700541080002400548008004100572856009800613bg00aĆwiczenia laboratoryjne z fizyki.nCz.2,pMechanika i termodynamika /c[red. Ludmiła Lewowska, Stanisław Kuźmiński, Ryszard Poprawski]. aWyd. 2 zm. aWrocław :bOficyna Wydawnicza Politechniki Wrocławskiej,c1999. a256, [1] s. :bil. ;c24 cm. aAut. cz. 1: Ryszard Poprawski, Włodzimierz Salejda. aBibliogr. przy ćw. 9aMechanika 9aTermodynamika aPodręczniki akademickie1 aLEWOWSKA, Ludmiła.eRed.1 aKUŹMIŃSKI, Stanisław.eRed.1 aPOPRAWSKI, Ryszard.eRed. a8370854419 (cz. 2) cBPK0 apl a531/534+536](075.8) s pl f |000 0 pol  uhttp://koha.tu.koszalin.pl/cgi-bin/koha/opac-detail.pl?biblionumber=36804yKatalog online BPK